00777nam a2200205Ia 4500008004100000020001500041041001200056082001600068100002000084245003000104250000800134260003700142300000800179650001400187700001700201942000700218999001100225952016800236952016700404221030s9999 xx 000 0 und d a981253055X aEnglish a105.23bSil aA. Silberschatz 0aOperating System Concepts a6th bJohn Wiley & SonsaMumbaic2003 a951 aCOMPUTERS aP. B. Galvin cBK c85d85 pM 85g9.00l0o105.23 Silr2024-06-10 00:00:00w2022-10-30yBK003Print4070aMIETLIBbMIETLIBcBL-Academic Block- B, FL-2, CUP-97, SH-3, R-3d2004-05-0110HMCA pM 86g9.00l0o105.23 Silr2024-06-10 00:00:00w2022-10-30yBK003Print4070aMIETLIBbMIETLIBcBL-Academic Block B, FL-2, CUP-81, SH-4, R-4d2004-05-0110HMCA